Psicología y delincuencia (Registro nro. 58)

Detalles MARC
000 -Cabecera
Campo de control de longitud fija 00688aam a2200265 4500
005 - Fecha y hora de la última transacción
Campo de control 20260323165253.0
008 - Elementos de longitud fija--Información general
Campo de control de longitud fija 150717b1970 xxu||||| |||| 00| 0 spa d
041 ## - Idioma
Código de idioma Español
082 ## - Clasificación Decimal Dewey
Número de clasificación 364.3 P228p
100 ## - Entrada principal--Autor personal
Nombre personal Parenti, Francesco
9 (RLIN) 14358
100 ## - Entrada principal--Autor personal
Nombre personal Pagani, Pier Luigi
9 (RLIN) 14359
245 ## - Título propiamente dicho
Título Psicología y delincuencia
260 ## - Pie de imprenta
Lugar de publicación, distribución, etc. Argentina
260 ## - Pie de imprenta
Nombre del editor, distribuidor, etc. Beta
260 ## - Pie de imprenta
Fecha de publicación, distribución, etc. 1970
300 ## - Descripción física
Extensión 238 páginas
490 ## - Serie
Título de la Serie Investigación Criminal
650 ## - Materia general
Temática (materia general) PSICOLOGÍA CRIMINAL
650 ## - Materia general
Temática (materia general) DELINCUENCIA JUVENIL
650 ## - Materia general
Temática (materia general) PSICOPATOLOGÍA
650 ## - Materia general
Temática (materia general) DELITOS FINANCIEROS
650 ## - Materia general
Temática (materia general) ACCIDENTES DE TRÁNSITO
650 ## - Materia general
Temática (materia general) PSICOLOGÍA SOCIAL
942 ## - Punto de acceso adicional KOHA
Tipo de ítem KOHA Libro
Fuente del sistema de clasificación o colocación Dewey Decimal Classification
Existencias
Signatura completa Código de barras Tipo de ítem Programa Académico
364.3 P228p 393 Libro  
364.3 P228p 460 Libro Investigación Criminal